1987 NFL Pro Bowlers - Statistics

General Stats
  • This quiz has been taken 6 times
  • The average score is 15 of 91
Answer Stats
Position/Conference Answer Team % Correct
AFC Quarterback Bernie Kosar Cleveland Browns
100%
AFC Running Back Curt Warner Seattle Seahawks
100%
AFC Quarterback Dan Marino Miami Dolphins
100%
AFC Running Back Eric Dickerson Indianapolis Colts
100%
NFC Running Back Herschel Walker Dallas Cowboys
100%
AFC Quarterback Jim Kelly Buffalo Bills
100%
AFC Quarterback John Elway Denver Broncos
100%
AFC Running Back Marcus Allen Los Angeles Raiders
100%
AFC Offensive Tackle Anthony Munoz Cincinnati Bengals
67%
NFC Wide Receiver Jerry Rice San Francisco 49ers
67%
AFC Tight End Kellen Winslow San Diego Chargers
67%
AFC Wide Receiver Stanley Morgan New England Patriots
67%
AFC Wide Receiver Steve Largent Seattle Seahawks
67%
AFC Tight End Todd Christensen Los Angeles Raiders
67%
NFC Wide Receiver Anthony Carter Minnesota Vikings
33%
AFC Defensive End Bruce Smith Buffalo Bills
33%
NFC Wide Receiver Gary Clark Washington Redskins
33%
NFC Offensive Tackle Jackie Slater Los Angeles Rams
33%
NFC Quarterback Joe Montana San Francisco 49ers
33%
NFC Linebacker Lawrence Taylor New York Giants
33%
AFC Center Mike Webster Pittsburgh Steelers
33%
NFC Quarterback Neil Lomax St. Louis Cardinals
33%
NFC Running Back Roger Craig San Francisco 49ers
33%
NFC Safety Ronnie Lott San Francisco 49ers
33%
AFC Cornerback Albert Lewis Kansas City Chiefs
0%
AFC Wide Receiver Al Toon New York Jets
0%
AFC Linebacker Andre Tippett New England Patriots
0%
NFC Offensive Guard Bill Fralic Atlanta Falcons
0%
AFC Defensive Tackle Bill Maas Kansas City Chiefs
0%
AFC Defensive Tackle Bob Golic Cleveland Browns
0%
NFC Offensive Guard Brad Edelman New Orleans Saints
0%
NFC Linebacker Carl Banks New York Giants
0%
AFC Wide Receiver Carlos Carson Kansas City Chiefs
0%
NFC Defensive End Charles Mann Washington Redskins
0%
NFC Running Back Charles White Los Angeles Rams
0%
NFC Defensive End Chris Doleman Minnesota Vikings
0%
AFC Offensive Tackle Chris Hinton Indianapolis Colts
0%
AFC Linebacker Clay Matthews Jr. Cleveland Browns
0%
AFC Offensive Tackle Cody Risien Cleveland Browns
0%
NFC Cornerback Darrell Green Washington Redskins
0%
NFC Safety Dave Duerson Chicago Bears
0%
NFC Cornerback Dave Waymer New Orleans Saints
0%
AFC Kicker Dean Biasucci Indianapolis Colts
0%
NFC Offensive Guard Dennis Harrah Los Angeles Rams
0%
AFC Safety Deron Cherry Kansas City Chiefs
0%
NFC Center Doug Smith Los Angeles Rams
0%
AFC Linebacker Duane Bickett Indianapolis Colts
0%
AFC Center Dwight Stephenson Miami Dolphins
0%
AFC Cornerback Frank Minnifield Cleveland Browns
0%
AFC Linebacker Fredd Young Seattle Seahawks
0%
NFC Offensive Tackle Gary Zimmerman Minnesota Vikings
0%
AFC Returner Gerald McNeil Cleveland Browns
0%
NFC Running Back Gerald Riggs Atlanta Falcons
0%
AFC Cornerback Hanford Dixon Cleveland Browns
0%
NFC Linebacker Harry Carson New York Giants
0%
NFC Tight End Hoby Brenner New Orleans Saints
0%
AFC Defensive End Howie Long Los Angeles Raiders
0%
AFC Defensive End Jacob Green Seattle Seahawks
0%
NFC Center Jay Hilgenberg Chicago Bears
0%
NFC Cornerback Jerry Gray Los Angeles Rams
0%
NFC Punter Jim Arnold Detroit Lions
0%
AFC Offensive Tackle Jim Lachey San Diego Chargers
0%
NFC Safety Joey Browner Minnesota Vikings
0%
AFC Linebacker John Offerdahl Miami Dolphins
0%
AFC Linebacker Karl Mecklenburg Denver Broncos
0%
AFC Offensive Guard Keith Bishop Denver Broncos
0%
AFC Safety Keith Bostic Houston Oilers
0%
AFC Safety Kenny Easley Seattle Seahawks
0%
AFC Running Back Kevin Mack Cleveland Browns
0%
NFC Offensive Tackle Luis Sharpe St. Louis Cardinals
0%
NFC Tight End Mark Bavaro New York Giants
0%
NFC Defensive Tackle Michael Carter San Francisco 49ers
0%
AFC Offensive Guard Mike Munchak Houston Oilers
0%
NFC Wide Receiver Mike Quick Philadelphia Eagles
0%
AFC Running Back Mike Rozier Houston Oilers
0%
NFC Linebacker Mike Singletary Chicago Bears
0%
NFC Kicker Morten Andersen New Orleans Saints
0%
AFC Punter Ralf Mojsiejenko San Diego Chargers
0%
AFC Center Ray Donaldson Indianapolis Colts
0%
NFC Defensive End Reggie White Philadelphia Eagles
0%
AFC Offensive Guard Ron Solt Indianapolis Colts
0%
NFC Running Back Ron Wolfley St. Louis Cardinals
0%
NFC Running Back Rueben Mayes New Orleans Saints
0%
NFC Linebacker Sam Mills New Orleans Saints
0%
NFC Linebacker Scott Studwell Minnesota Vikings
0%
NFC Tight End Steve Jordan Minnesota Vikings
0%
NFC Defensive Tackle Steve McMichael Chicago Bears
0%
AFC Special Teamer Steve Tasker Buffalo Bills
0%
AFC Defensive Tackle Tim Krumrie Cincinnati Bengals
0%
NFC Returner Vai Sikahema St. Louis Cardinals
0%
NFC Linebacker Wilber Marshall Chicago Bears
0%
No matching quizzes found
Score Distribution
Percent of People with Each Score
Percentile by Number Answered
Your Score History
You have not taken this quiz